000 00607nam a22001337a 4500
040 _cRUA
082 _aAGR ORM 2014 B433 Or.1
100 _aORM BORITH ; អោម បូរិន្ទ
245 _aBlack pepper association at kampong trach district , kam pot province , ដំណាំម្រេចជាលក្ខណៈសមាគម នៅស្រុកកំពង់ត្រាច ខេត្តកំពត
260 _aPhnom Penh
_bRUA
_c2014
300 _axii ;47p.
_bill.
_c29cm.
856 _uhttps://drive.google.com/file/d/1pgPkSXwNw-sgB-rApesf1Jg27hSZBw3T/view?usp=sharing
942 _cAGR
999 _c7101
_d7101